00714nam a2200181 a 4500008004100000050001400041100001700055245005300072250001200125260003900137350000900176650003900185650003800224650004400262995008700306999001700393952012200410120416s1982 ||||||||||||||||| || u aQD 79 Luc aLucey, Terry10aQuantitative techniques: an instructional manual a2nd ed. aHampshirebD.P. Publicationsc1982 a0.00 0aCHEMISTRY--HANDBOOKS, MANUALS, ETC aCHEMISTRY, ANALYTIC--QUANTITATIVE 0aCHEMISTRY, ANALYTIC--LABORATORY MANUALS D0.00FCBU-MAIN LIBRARY (Kitwe)H1I6.04M1UAVAILABLEZAnnex Low-Usage Collection  c55466d55466 00102lcc4070a001b001cAnnex Low-Usage Collection d2022-11-30l0oQD 79 Lucp020157r2022-11-30w2022-11-30y002